Most Common U.S. Last Names 2010 - Statistics

General Stats
  • This quiz has been taken 618 times
  • The average score is 192 of 1000
Answer Stats
1,000 Surnames % Correct
LE
91%
JOHNS
90%
BROWN
89%
JOHNSON
86%
SMITH
86%
ADAMS
83%
HO
83%
JONES
82%
LI
82%
JACKSON
81%
WILLIAMS
80%
LEE
79%
BLACK
78%
WHITE
78%
GREEN
77%
HARRIS
77%
MARTIN
77%
MILLER
76%
CARTER
73%
ROBERTS
73%
THOMAS
73%
PETERS
72%
ANDERSON
70%
JAMES
70%
WILSON
69%
DAVID
68%
HARRISON
68%
LU
68%
RICH
68%
ANDREWS
67%
EDWARDS
67%
LIN
67%
TAYLOR
67%
HILL
66%
MICHAEL
66%
RICHARD
66%
CLARK
65%
DAVIS
65%
CHARLES
64%
RICHARDS
64%
GRANT
63%
GRAY
63%
PARK
63%
ALLEN
61%
DANIEL
61%
DAVIDSON
61%
GEORGE
61%
LEWIS
61%
PETERSON
61%
JEFFERSON
60%
KING
60%
MARTINEZ
60%
WOOD
60%
COOPER
59%
PARKER
58%
THOMPSON
58%
YOUNG
58%
DANIELS
57%
EVANS
57%
FRANK
57%
FORD
56%
MORRIS
56%
PAUL
56%
RICHARDSON
56%
WASHINGTON
56%
CARSON
55%
RODRIGUEZ
55%
STEVENS
55%
ROBERTSON
54%
ROSE
54%
BAKER
53%
SCOTT
53%
BARR
52%
CHAN
52%
ROGERS
52%
TYLER
52%
WEST
52%
FRANKLIN
51%
HALL
51%
WALTER
51%
GARCIA
50%
MASON
50%
ELLIS
49%
HENRY
49%
RAY
49%
RYAN
49%
STONE
49%
WOODS
49%
ALEXANDER
48%
HUNT
48%
MATTHEWS
48%
OLIVER
48%
GOMEZ
47%
JOSEPH
47%
KENNEDY
47%
LAWRENCE
47%
SIMPSON
47%
BELL
46%
MCDONALD
46%
BUSH
45%
KELLY
45%
KIM
45%
LOPEZ
45%
MANN
45%
MITCHELL
45%
MOORE
45%
MORGAN
45%
HAYES
44%
LONG
44%
NELSON
44%
COOK
43%
DONALDSON
43%
HENDERSON
43%
HERNANDEZ
43%
HOWARD
43%
HUNTER
43%
JORDAN
43%
NICHOLS
43%
SANDERS
43%
WALTERS
43%
CAMERON
42%
COLE
42%
COLLINS
42%
GREGORY
42%
MORRISON
42%
OWEN
42%
PHILLIPS
42%
ROSS
42%
RUSSELL
42%
WALL
42%
CARR
41%
HUGHES
41%
LEON
41%
MAY
41%
ROBINSON
41%
SIMON
41%
STANLEY
41%
STEVENSON
41%
WATSON
41%
WELLS
41%
WILLIS
41%
BLAKE
40%
DOUGLAS
40%
JACOBS
40%
KENT
40%
MURPHY
40%
STEWART
40%
VINCENT
40%
ANTHONY
39%
BRADLEY
39%
BROOKS
39%
GORDON
39%
PATRICK
39%
PORTER
39%
WALKER
39%
BALL
38%
BENSON
38%
FOX
38%
HARPER
38%
PERRY
38%
WILLIAMSON
38%
BECK
36%
CHANG
36%
FISHER
36%
GRAHAM
36%
REYNOLDS
36%
STEPHENS
36%
CHRISTIAN
35%
DAWSON
35%
DENNIS
35%
FRANCIS
35%
GARRETT
35%
HAMILTON
35%
LOGAN
35%
MARKS
35%
BAILEY
34%
BERRY
34%
BRADY
34%
DAY
34%
LUCAS
34%
REED
34%
ABBOTT
33%
ALI
33%
BRYAN
33%
CAMPBELL
33%
CRUZ
33%
DEAN
33%
FERNANDEZ
33%
FREDERICK
33%
HART
33%
MARSH
33%
MARSHALL
33%
MURRAY
33%
PATTERSON
33%
PRINCE
33%
RAMIREZ
33%
WALLACE
33%
AUSTIN
32%
CONNER
32%
GOOD
32%
LEONARD
32%
NGUYEN
32%
OWENS
32%
PEREZ
32%
RAYMOND
32%
ROY
32%
BURNS
31%
CARLSON
31%
GREENE
31%
HOUSTON
31%
JOHNSTON
31%
MILES
31%
MILLS
31%
NICHOLSON
31%
NORMAN
31%
QUINN
31%
RIVERS
31%
SPENCE
31%
WRIGHT
31%
ALVAREZ
30%
BENNETT
30%
BERG
30%
CURTIS
30%
ELLIOTT
30%
FIELDS
30%
LANG
30%
MONROE
30%
NEWTON
30%
TANNER
30%
WARREN
30%
BANKS
29%
BARKER
29%
BARRY
29%
CASE
29%
GONZALEZ
29%
GRIFFIN
29%
KNIGHT
29%
LANE
29%
NIXON
29%
SPENCER
29%
WANG
29%
BRUCE
28%
CLAY
28%
COX
28%
DRAKE
28%
HANSON
28%
MAXWELL
28%
OCONNOR
28%
PIERCE
28%
SANCHEZ
28%
TURNER
28%
WATERS
28%
ARNOLD
27%
BENJAMIN
27%
BRYANT
27%
DIAZ
27%
FARMER
27%
LOWE
27%
NORRIS
27%
POTTER
27%
REID
27%
SHAW
27%
WARD
27%
BURTON
26%
CHANDLER
26%
CHASE
26%
COHEN
26%
COLEMAN
26%
CRAIG
26%
FREEMAN
26%
FULLER
26%
HALE
26%
HOLMES
26%
NEWMAN
26%
NOLAN
26%
OLSON
26%
RILEY
26%
AVERY
25%
BATES
25%
CASEY
25%
CHEN
25%
CLARKE
25%
GIBSON
25%
HARVEY
25%
MACK
25%
MYERS
25%
OLSEN
25%
PRICE
25%
SAMPSON
25%
TUCKER
25%
ALLISON
24%
ARCHER
24%
ASHLEY
24%
BARNES
24%
GILL
24%
GLENN
24%
JACOBSON
24%
KEITH
24%
MEYER
24%
PARKS
24%
PATEL
24%
REESE
24%
ROMAN
24%
WATTS
24%
BECKER
23%
BLAIR
23%
BOND
23%
CARPENTER
23%
DIXON
23%
GILBERT
23%
GRIFFITH
23%
HOLLAND
23%
HUDSON
23%
LARSON
23%
PRESTON
23%
SHORT
23%
SINGH
23%
STEIN
23%
STEPHENSON
23%
STUART
23%
SUMMERS
23%
WEBB
23%
WONG
23%
BARTON
22%
DUKE
22%
DUNN
22%
LITTLE
22%
LOVE
22%
OBRIEN
22%
ROBBINS
22%
RODGERS
22%
SAWYER
22%
SIMMONS
22%
SULLIVAN
22%
WINTERS
22%
ATKINS
21%
BOYD
21%
CHAVEZ
21%
CHURCH
21%
DUNCAN
21%
FINLEY
21%
FLYNN
21%
FOSTER
21%
FRENCH
21%
GARDNER
21%
HOOVER
21%
HOWE
21%
LAWSON
21%
LLOYD
21%
LYNN
21%
MONTGOMERY
21%
RANDALL
21%
TRAVIS
21%
WALTON
21%
ARMSTRONG
20%
BARRETT
20%
BAXTER
20%
BUCK
20%
CORTEZ
20%
CRAWFORD
20%
ELLISON
20%
GONZALES
20%
LESTER
20%
MANNING
20%
MORTON
20%
PEARSON
20%
REYES
20%
WU
20%
BALDWIN
19%
BUTLER
19%
CAREY
19%
EVERETT
19%
FITZGERALD
19%
GOLDEN
19%
GUTIERREZ
19%
HERMAN
19%
HOGAN
19%
MACDONALD
19%
MORA
19%
RICE
19%
TERRY
19%
WARNER
19%
YANG
19%
BENTON
18%
BISHOP
18%
BOOKER
18%
BRIDGES
18%
CARROLL
18%
CLAYTON
18%
FERGUSON
18%
GARNER
18%
GOODMAN
18%
HENSON
18%
HOFFMAN
18%
HOUSE
18%
JENKINS
18%
JIMENEZ
18%
KANE
18%
MCKENZIE
18%
NASH
18%
PAYNE
18%
RUIZ
18%
BERNARD
17%
BREWER
17%
BURKE
17%
FLOYD
17%
GARRISON
17%
HANSEN
17%
HEATH
17%
HOLT
17%
HORTON
17%
JENSEN
17%
KELLER
17%
LAM
17%
LIU
17%
MCCARTHY
17%
NORTON
17%
ORTIZ
17%
RAMOS
17%
SANTOS
17%
STARK
17%
TORRES
17%
VO
17%
WAGNER
17%
WYATT
17%
YORK
17%
ANDERSEN
16%
BASS
16%
BERGER
16%
BEST
16%
BOWEN
16%
CROSS
16%
DALTON
16%
ERICKSON
16%
FLOWERS
16%
GATES
16%
HAWKINS
16%
HOWELL
16%
JENNINGS
16%
KHAN
16%
KIRK
16%
KNOX
16%
ONEILL
16%
PAGE
16%
PARSONS
16%
POWELL
16%
RIVERA
16%
SHERMAN
16%
SMALL
16%
SWANSON
16%
WADE
16%
WOLF
16%
ZIMMERMAN
16%
BOONE
15%
BUCHANAN
15%
BYRD
15%
CAIN
15%
CROSBY
15%
DOMINGUEZ
15%
HARDIN
15%
HAYDEN
15%
HENDRICKS
15%
KERR
15%
MUELLER
15%
NEAL
15%
PALMER
15%
PERKINS
15%
SHARP
15%
TODD
15%
WALSH
15%
WEBSTER
15%
ATKINSON
14%
CONRAD
14%
GIBBS
14%
HAMPTON
14%
HAYNES
14%
HICKS
14%
JUAREZ
14%
LAMB
14%
LIM
14%
MCCOY
14%
MENDEZ
14%
MOON
14%
MOSS
14%
NUNEZ
14%
POWERS
14%
SHEPHERD
14%
SIMS
14%
SOLOMON
14%
SPEARS
14%
VANCE
14%
VAUGHN
14%
WHITNEY
14%
ZHANG
14%
AHMED
13%
BAUER
13%
BOWMAN
13%
CALDWELL
13%
CHAPMAN
13%
CHUNG
13%
CRANE
13%
CURRY
13%
DICKSON
13%
DILLON
13%
FLETCHER
13%
GLASS
13%
HARDING
13%
HARDY
13%
HARTMAN
13%
HUMPHREY
13%
KLEIN
13%
KRAMER
13%
ROLLINS
13%
SAUNDERS
13%
SCHULTZ
13%
SNOW
13%
WHEELER
13%
YU
13%
BARNETT
11%
BOOTH
11%
BRADFORD
11%
CASTILLO
11%
CUMMINGS
11%
DOYLE
11%
ENGLISH
11%
FOWLER
11%
HANNA
11%
HIGGINS
11%
HORN
11%
HULL
11%
LEVY
11%
MEYERS
11%
MORALES
11%
RAMSEY
11%
RUSH
11%
SANTIAGO
11%
SCHWARTZ
11%
SHANNON
11%
WEBER
11%
WILKINS
11%
BARRON
10%
BENTLEY
10%
BROCK
10%
BROWNING
10%
CHAMBERS
10%
CHERRY
10%
CONWAY
10%
CUNNINGHAM
10%
FARRELL
10%
FLORES
10%
FRAZIER
10%
GILMORE
10%
HARMON
10%
HENDRIX
10%
HESS
10%
KELLEY
10%
LYONS
10%
MALONE
10%
MAYER
10%
MAYS
10%
MOSES
10%
REILLY
10%
RHODES
10%
ROWE
10%
SCHMIDT
10%
STEELE
10%
STRONG
10%
SUTTON
10%
UNDERWOOD
10%
WISE
10%
BOYLE
9%
BRADSHAW
9%
BULLOCK
9%
BURNETT
9%
CANNON
9%
CASTRO
9%
COBB
9%
COLON
9%
FELIX
9%
FITZPATRICK
9%
FLEMING
9%
FRIEDMAN
9%
GOODWIN
9%
GROSS
9%
HALEY
9%
HARRINGTON
9%
HERRERA
9%
HOBBS
9%
HOOD
9%
HOPKINS
9%
LAMBERT
9%
LUNA
9%
MARIN
9%
MARQUEZ
9%
MCCALL
9%
MCDANIEL
9%
MCKAY
9%
MENDOZA
9%
MUNOZ
9%
NOBLE
9%
ODONNELL
9%
PITTS
9%
POOLE
9%
PRATT
9%
REEVES
9%
SHELTON
9%
SLOAN
9%
STANTON
9%
AGUILAR
8%
AYALA
8%
BARBER
8%
BRANDT
8%
CALHOUN
8%
COLLIER
8%
DUDLEY
8%
DURAN
8%
FISCHER
8%
GREER
8%
HAMMOND
8%
HANCOCK
8%
HODGE
8%
HUANG
8%
INGRAM
8%
KIRBY
8%
LYNCH
8%
MADDEN
8%
MATHEWS
8%
MCGUIRE
8%
MCLEAN
8%
MEADOWS
8%
MORSE
8%
MULLINS
8%
NAVA
8%
OCONNELL
8%
PERSON
8%
PETERSEN
8%
SCHNEIDER
8%
SELLERS
8%
SHIELDS
8%
SILVA
8%
TATE
8%
WALLS
8%
WEAVER
8%
WELCH
8%
WILKINSON
8%
YATES
8%
ACOSTA
7%
ADKINS
7%
BEAN
7%
BENDER
7%
BLANCHARD
7%
BLEVINS
7%
BOWERS
7%
BOYER
7%
BRENNAN
7%
CABRERA
7%
CALLAHAN
7%
CAMPOS
7%
CHOI
7%
COSTA
7%
DONOVAN
7%
DYER
7%
FARLEY
7%
FRANCO
7%
FROST
7%
FRY
7%
GAINES
7%
GILES
7%
GLOVER
7%
GRIMES
7%
HINES
7%
HORNE
7%
HUBER
7%
KEMP
7%
LARSEN
7%
MCBRIDE
7%
MCGEE
7%
MCKINNEY
7%
MIDDLETON
7%
MOLINA
7%
MORAN
7%
ONEAL
7%
ORTEGA
7%
PECK
7%
PUGH
7%
RICHMOND
7%
ROTH
7%
RUBIO
7%
TRAN
7%
VALDEZ
7%
VALENTINE
7%
VASQUEZ
7%
WOODWARD
7%
AVILA
6%
BARTLETT
6%
BLACKWELL
6%
BRIGGS
6%
BUCKLEY
6%
CALDERON
6%
CAMACHO
6%
CANTRELL
6%
CHRISTENSEN
6%
COMBS
6%
COPELAND
6%
FOLEY
6%
GARZA
6%
GENTRY
6%
GOULD
6%
GRAVES
6%
HAIL
6%
HINTON
6%
HUBBARD
6%
HURLEY
6%
HURST
6%
JARVIS
6%
MADDOX
6%
MCLAUGHLIN
6%
MCMAHON
6%
MIRANDA
6%
MORENO
6%
PACE
6%
PATTON
6%
PITTMAN
6%
ROMERO
6%
ROWLAND
6%
SCHMITT
6%
SHEPARD
6%
SNYDER
6%
SUAREZ
6%
WARE
6%
WEEKS
6%
ALVARADO
5%
BARRERA
5%
BEARD
5%
BENITEZ
5%
BLACKBURN
5%
BURGESS
5%
CLINE
5%
COCHRAN
5%
COFFEY
5%
CORONA
5%
CORTES
5%
DECKER
5%
EATON
5%
FRYE
5%
GALLAGHER
5%
GUERRERO
5%
GUZMAN
5%
HICKMAN
5%
HODGES
5%
HUFF
5%
HUTCHINSON
5%
KLINE
5%
KOCH
5%
LANDRY
5%
LIVINGSTON
5%
MALDONADO
5%
MASSEY
5%
MATHIS
5%
MAYNARD
5%
MAYO
5%
MCCONNELL
5%
MCCORMICK
5%
MCKEE
5%
MCMILLAN
5%
MEDINA
5%
MONTOYA
5%
NAVARRO
5%
PENA
5%
PHELPS
5%
POLLARD
5%
POTTS
5%
RANDOLPH
5%
RIOS
5%
ROBERSON
5%
SKINNER
5%
SOTO
5%
TOWNSEND
5%
VAZQUEZ
5%
VELASQUEZ
5%
AGUIRRE
4%
AYERS
4%
BURCH
4%
CARRILLO
4%
CASTANEDA
4%
CERVANTES
4%
CLEMENTS
4%
CONLEY
4%
CONTRERAS
4%
DAVENPORT
4%
DELACRUZ
4%
DELEON
4%
DODSON
4%
DURHAM
4%
FUENTES
4%
HAHN
4%
LEBLANC
4%
LINDSEY
4%
MCCARTY
4%
MCCLAIN
4%
MCINTOSH
4%
MCINTYRE
4%
MELENDEZ
4%
MELTON
4%
MOODY
4%
MORROW
4%
MOYER
4%
MULLEN
4%
ORR
4%
OSBORNE
4%
PADILLA
4%
POPE
4%
ROJAS
4%
RUSSO
4%
SCHROEDER
4%
SPARKS
4%
TANG
4%
VALENZUELA
4%
VAUGHAN
4%
VILLA
4%
VU
4%
WATKINS
4%
WHITAKER
4%
WOLFE
4%
ACEVEDO
3%
AVALOS
3%
BALLARD
3%
BEASLEY
3%
BELTRAN
3%
BERNAL
3%
BLANKENSHIP
3%
BRAVO
3%
CANO
3%
CANTU
3%
CARDENAS
3%
COMPTON
3%
DOUGHERTY
3%
DUFFY
3%
ESCOBAR
3%
ESTES
3%
FIGUEROA
3%
GALINDO
3%
GUERRA
3%
HARRELL
3%
HEBERT
3%
HOLLOWAY
3%
HUFFMAN
3%
LARA
3%
LEACH
3%
LOZANO
3%
MCCULLOUGH
3%
PHAM
3%
PRUITT
3%
RIVAS
3%
SALAZAR
3%
SALINAS
3%
SANTANA
3%
SCHAEFER
3%
SHAH
3%
SOLIS
3%
THORNTON
3%
VEGA
3%
WALLER
3%
WEISS
3%
WIGGINS
3%
WILCOX
3%
WILEY
3%
WILKERSON
3%
ALFARO
2%
ANDRADE
2%
ARELLANO
2%
ARIAS
2%
ARROYO
2%
BARAJAS
2%
BAUTISTA
2%
BEIL
2%
BRANCH
2%
CISNEROS
2%
CORDOVA
2%
CORREA
2%
DAVILA
2%
DEJESUS
2%
DELGADO
2%
DICKERSON
2%
DORSEY
2%
DUARTE
2%
ESPARZA
2%
ESPINOSA
2%
ESPINOZA
2%
FAULKNER
2%
HERRING
2%
HESTER
2%
HUERTA
2%
IBARRA
2%
KNAPP
2%
LOWERY
2%
MACIAS
2%
MAHONEY
2%
MATA
2%
MCCANN
2%
MCDOWELL
2%
MERCADO
2%
MOSLEY
2%
MURILLO
2%
NIELSEN
2%
OCHOA
2%
ODOM
2%
PACHECO
2%
PARRISH
2%
PENNINGTON
2%
PERALTA
2%
SAVAGE
2%
SERRANO
2%
SHAFFER
2%
SINGLETON
2%
SOSA
2%
STAFFORD
2%
STRICKLAND
2%
SWEENEY
2%
VARGAS
2%
VELAZQUEZ
2%
BONILLA
1%
CUEVAS
1%
DAUGHERTY
1%
DELAROSA
1%
DUNLAP
1%
ENRIQUEZ
1%
ESQUIVEL
1%
ESTRADA
1%
GALLEGOS
1%
GALVAN
1%
GILLESPIE
1%
GUEVARA
1%
HENSLEY
1%
HUYNH
1%
JARAMILLO
1%
KAUR
1%
KRUEGER
1%
LEAL
1%
LUCERO
1%
LUGO
1%
MAGANA
1%
MCCLURE
1%
MCFARLAND
1%
MCPHERSON
1%
MEDRANO
1%
MEJIA
1%
MERRITT
1%
MEZA
1%
MONTES
1%
NOVAK
1%
PHAN
1%
PROCTOR
1%
QUINTANA
1%
REYNA
1%
ROACH
1%
ROSALES
1%
ROSARIO
1%
ROSAS
1%
SALGADO
1%
SANDOVAL
1%
SANFORD
1%
SEXTON
1%
SHEPPARD
1%
SIERRA
1%
STOUT
1%
TREJO
1%
TREVINO
1%
VANG
1%
VENTURA
1%
WHITEHEAD
1%
WOODARD
1%
YODER
1%
ZAMORA
1%
ZAVALA
1%
OROZCO
0%
PALACIOS
0%
PARRA
0%
PINEDA
0%
PONCE
0%
PORTILLO
0%
QUINTERO
0%
RANGEL
0%
RASMUSSEN
0%
ROBLES
0%
ROCHA
0%
SALAS
0%
STOKES
0%
TAPIA
0%
TERRELL
0%
TRUJILLO
0%
TRUONG
0%
VALENCIA
0%
VELEZ
0%
VILLALOBOS
0%
VILLANUEVA
0%
VILLARREAL
0%
VILLEGAS
0%
XIONG
0%
ZUNIGA
0%
No matching quizzes found
Score Distribution
Percent of People with Each Score
Percentile by Number Answered
Your Score History
You have not taken this quiz